|
|
|
|
| LEADER |
00856cam a2200241 7i4500 |
| 001 |
0000036967 |
| 005 |
20221102090000.0 |
| 008 |
220919t2022 eng |
| 020 |
# |
# |
|a 9781801173278
|
| 040 |
# |
# |
|a MATR
|
| 090 |
0 |
0 |
|a B 338.88
|b IND
|
| 245 |
0 |
0 |
|a Industry 4.0 and Global Businesses :
|b A Multidisciplinary Investigation
|c Edited by Enis Yakut.
|
| 264 |
# |
1 |
|a Bingley:
|b Emerald Publishing,
|c 2022.
|
| 300 |
# |
# |
|a xiii, 234 pages:
|b illustrations;
|c 24 cm.
|
| 336 |
# |
# |
|a text
|2 rdacontent
|
| 337 |
# |
# |
|a unmediated
|2 rdamedia
|
| 338 |
# |
# |
|a volume
|2 rdacarrier
|
| 650 |
# |
0 |
|a Industrial organization (Economic theory)
|
| 650 |
# |
0 |
|a Industrial efficiency
|
| 650 |
# |
0 |
|a International business enterprises --
|x Technological innovations
|
| 650 |
# |
0 |
|a Industry 4.0
|
| 700 |
1 |
# |
|a Yakut, Enis
|
| 999 |
|
|
|a B000041941
|b Book
|c Book
|e Business Information Centre
|